000 00324nam a2200133Ia 4500
005 20260328101521.0
008 260328s9999||||xx |||||||||||||| ||und||
100 _aZeiger, Mimi
245 0 _aMicro green :
_b Tuny Houses in Nature /
_cMimi Zeiger
260 _bRizzoli
300 _a222 p.
650 _aVIVIENDA
942 _cBK
999 _c9603
_d9603